| 000 | 00637nam a2200193 a 4500 | ||
|---|---|---|---|
| 001 | 4978 | ||
| 003 | CDMR | ||
| 005 | 20131111113306.0 | ||
| 008 | 130130s1974||||||||||||||||||||||||||||d | ||
| 040 |
_aCDMR _bcat _cCDMR |
||
| 110 | 2 |
_94320 _aOrdine dei Giornalisti |
|
| 245 | 1 | 2 |
_aL'Ordine dei Giornalisti _b: trent'anni di battaglie sindicali e professionali [...] _c; a cura di Angiolo Berti... [et al.] |
| 260 |
_a[Roma _bSocietà Tipografica Editoriale Tevere _c1974] |
||
| 300 | _a423 p. | ||
| 490 | 0 | _aStudi e Dibattiti sul Giornalismo | |
| 650 | 0 | 4 |
_94108 _aPeriodisme _zItà lia |
| 700 | 1 |
_94321 _aBerti, Angiolo _eed. |
|
| 942 |
_cMON _2udc |
||
| 999 |
_c4978 _d4978 |
||